[Event "Collado Villalba op-B 35th"]
[Site "Collado Villalba ESP"]
[Date "2018.08.27"]
[Round "4.10"]
[White "Castro Uceda, Jose Antonio"]
[Black "Leniz Martinez, Francisco"]
[Result "0-1"]
[WhiteElo "1569"]
[BlackElo "1683"]
[PlyCount "103"]
[EventDate "2018.08.24"]
[EventType "swiss"]
[EventRounds "9"]
[EventCountry "ESP"]
[SourceTitle "Ajedrez en Madrid"]
[Source "lmi"]
[SourceDate "2018.08.24"]

1. e4 c5 2. Nf3 e6 3. d4 cxd4 4. Nxd4 a6 5. Nc3 Qc7 6. Be2 Nf6 7. Bd2 Be7 8.
O-O O-O 9. Re1 d6 10. Bg4 Bd7 11. Qf3 Nc6 12. Nxc6 Bxc6 13. Qg3 Kh8 14. Rad1
Rad8 15. h4 b5 16. a3 Qb7 17. Bf3 a5 18. e5 dxe5 19. Bxc6 Qxc6 20. Qxe5 b4 21.
Qb5 Qxb5 22. Nxb5 Rd5 23. a4 Rfd8 24. Re2 Nd7 25. c4 Rd3 26. Na7 Nb8 27. g3
R8d7 28. Nb5 Na6 29. Kf1 Nc5 30. Ke1 Bf6 31. Re3 Be7 32. Rxd3 Nxd3+ 33. Ke2
Nxb2 34. Rc1 Nd3 35. Rb1 Bc5 36. f3 Kg8 37. Be3 Bxe3 38. Kxe3 Nc5 39. Ke2 Kf8
40. g4 Ke7 41. g5 Nxa4 42. Ra1 Nc3+ 43. Nxc3 bxc3 44. Rxa5 Rd2+ 45. Ke3 Rd7 46.
Ra3 c2 47. Rc3 Rd1 48. Rxc2 Rh1 49. Rd2 Rxh4 50. f4 h6 51. c5 hxg5 52. fxg5 0-1

[Event "Collado Villalba op-B 35th"]
[Site "Collado Villalba ESP"]
[Date "2018.08.27"]
[Round "4.11"]
[White "Quintero Cuervo, Edgar Alfredo"]
[Black "Liceras Ruiz, Manuel"]
[Result "0-1"]
[WhiteElo "1558"]
[BlackElo "1642"]
[PlyCount "99"]
[EventDate "2018.08.24"]
[EventType "swiss"]
[EventRounds "9"]
[EventCountry "ESP"]
[SourceTitle "Ajedrez en Madrid"]
[Source "lmi"]
[SourceDate "2018.08.24"]

1. d4 Nf6 2. c4 e6 3. Nf3 b6 4. e3 Bb7 5. Be2 Be7 6. Nc3 O-O 7. O-O Ne4 8. Qc2
Nxc3 9. Qxc3 f5 10. b3 Bf6 11. Ba3 d6 12. Rac1 Nd7 13. Qd2 c5 14. Rfd1 Be7 15.
Bb2 Qe8 16. Ne1 Nf6 17. Bf3 Bxf3 18. Nxf3 Rd8 19. Qe2 Qh5 20. Rc2 Ne4 21. Ne1
Qh6 22. Nd3 g5 23. f3 Nf6 24. Bc1 Rf7 25. h3 Rg7 26. Nf2 Qh4 27. Qe1 Kf7 28. e4
g4 29. fxg4 fxg4 30. Nxg4 Qxe1+ 31. Rxe1 Nxg4 32. hxg4 Rxg4 33. Rf2+ Kg8 34. d5
Bh4 35. Ref1 Bxf2+ 36. Rxf2 exd5 37. exd5 Re8 38. Kh2 Rge4 39. Kh3 Rf8 40. Kg3
Rxf2 41. Kxf2 Kf7 42. g3 Rd4 43. Ke2 Rg4 44. Kf3 Rg6 45. a3 a6 46. Bd2 b5 47.
b4 bxc4 48. bxc5 dxc5 49. g4 Ke7 50. g5 0-1

[Event "Collado Villalba op-B 35th"]
[Site "Collado Villalba ESP"]
[Date "2018.08.27"]
[Round "4.12"]
[White "De Dompablo Fantova, Juan"]
[Black "Rodriguez Gomez, Jose"]
[Result "1-0"]
[WhiteElo "1638"]
[BlackElo "1534"]
[PlyCount "85"]
[EventDate "2018.08.24"]
[EventType "swiss"]
[EventRounds "9"]
[EventCountry "ESP"]
[SourceTitle "Ajedrez en Madrid"]
[Source "lmi"]
[SourceDate "2018.08.24"]

1. e4 e5 2. Nf3 Nc6 3. Bc4 Bc5 4. c3 d6 5. h3 Nf6 6. d3 O-O 7. Bb3 a6 8. O-O
Ba7 9. Nbd2 b5 10. Re1 Na5 11. Bc2 c5 12. b4 cxb4 13. cxb4 Nc6 14. a3 Be6 15.
Bb2 h6 16. Nb3 Rc8 17. Rc1 Nh7 18. d4 Bd7 19. dxe5 dxe5 20. Nxe5 Nxe5 21. Bxe5
Ng5 22. Bd4 Bb8 23. e5 Ne6 24. Qd3 g6 25. Nc5 Nxd4 26. Qxd4 Ba7 27. Qxd7 Qxd7
28. Nxd7 Rfd8 29. Nf6+ Kg7 30. Bb3 Rxc1 31. Rxc1 Rd2 32. Rc2 Rd3 33. Rc8 h5 34.
Rg8+ Kh6 35. Bxf7 Rd1+ 36. Kh2 Kg5 37. Bxg6 Kf4 38. Bxh5 Ra1 39. Ng4 Kf5 40.
Ra8 Bd4 41. Rxa6 Bc3 42. Bg6+ Kg5 43. Kg3 1-0

[Event "Collado Villalba op-B 35th"]
[Site "Collado Villalba ESP"]
[Date "2018.08.27"]
[Round "4.13"]
[White "Karunanithi, Bharath"]
[Black "Bahillo Vallejo, Ignacio"]
[Result "1/2-1/2"]
[WhiteElo "1603"]
[BlackElo "1415"]
[PlyCount "64"]
[EventDate "2018.08.24"]
[EventType "swiss"]
[EventRounds "9"]
[EventCountry "ESP"]
[SourceTitle "Ajedrez en Madrid"]
[Source "lmi"]
[SourceDate "2018.08.24"]

1. e4 d5 2. exd5 Qxd5 3. Nc3 Qa5 4. d4 c6 5. Nf3 Bg4 6. Be2 Nf6 7. O-O e6 8. h3
Bxf3 9. Bxf3 Bd6 10. Bd2 Qc7 11. Re1 O-O 12. Bg5 Nbd7 13. Qd2 Rfe8 14. Ne4 Be7
15. Nxf6+ Nxf6 16. Bxf6 Bxf6 17. c3 Rad8 18. Qc2 g6 19. a4 a5 20. Qb3 Rb8 21.
Qc4 Qd6 22. Rad1 Red8 23. Rb1 Rdc8 24. Bg4 Qd5 25. Qxd5 cxd5 26. Be2 b6 27. Ba6
Rc7 28. Bb5 Rbc8 29. Re2 Re7 30. Rd1 Rec7 31. Ba6 Ra8 32. Bb5 Rac8 1/2-1/2

[Event "Collado Villalba op-B 35th"]
[Site "Collado Villalba ESP"]
[Date "2018.08.27"]
[Round "4.14"]
[White "Pardo Robles, Jose Manuel"]
[Black "Marret, Constantin Pierre"]
[Result "1/2-1/2"]
[WhiteElo "1795"]
[BlackElo "1565"]
[PlyCount "94"]
[EventDate "2018.08.24"]
[EventType "swiss"]
[EventRounds "9"]
[EventCountry "ESP"]
[SourceTitle "Ajedrez en Madrid"]
[Source "lmi"]
[SourceDate "2018.08.24"]

1. e4 e6 2. d4 d5 3. Nc3 Nf6 4. Bg5 Bb4 5. e5 h6 6. Bd2 Bxc3 7. bxc3 Ne4 8. Bd3
Nxd2 9. Qxd2 c5 10. Nf3 Nc6 11. O-O Qa5 12. Rfd1 O-O 13. Bf1 b6 14. Qe3 cxd4
15. cxd4 Ba6 16. a4 Rac8 17. Bxa6 Qxa6 18. Qb3 Rc7 19. Rac1 Rfc8 20. Ne1 Na5
21. Qb4 Qc4 22. Rb1 Qxb4 23. Rxb4 Rc4 24. Rdb1 Rc3 25. Ra1 R8c4 26. Rab1 Nc6
27. Rxc4 Rxc4 28. Ra1 Nxd4 29. Ra2 Nc6 30. Nd3 Nd4 31. Ne1 Ne2+ 32. Kf1 Nc3 33.
Ra3 Nxa4 34. Ke2 b5 35. Kd2 a5 36. Nd3 d4 37. f4 Rc3 38. Ra2 g6 39. Nc1 Rc7 40.
Kd3 Ra7 41. Nb3 Rd7 42. Nxd4 Nc5+ 43. Ke3 a4 44. Nxb5 Rd1 45. Nc3 Rg1 46. Kf2
Rc1 47. Nxa4 Nxa4 1/2-1/2

[Event "Collado Villalba op-B 35th"]
[Site "Collado Villalba ESP"]
[Date "2018.08.27"]
[Round "4.15"]
[White "Navas Hernando, Oscar"]
[Black "Garcia Lopez, Fernando"]
[Result "1-0"]
[WhiteElo "1790"]
[BlackElo "1558"]
[PlyCount "79"]
[EventDate "2018.08.24"]
[EventType "swiss"]
[EventRounds "9"]
[EventCountry "ESP"]
[SourceTitle "Ajedrez en Madrid"]
[Source "lmi"]
[SourceDate "2018.08.24"]

1. d4 Nf6 2. c4 e6 3. Nc3 c5 4. d5 exd5 5. cxd5 d6 6. e4 g6 7. Be2 Bg7 8. Nf3
O-O 9. O-O Re8 10. Nd2 Na6 11. Bd3 Nc7 12. a4 b6 13. Nc4 Ba6 14. Na3 Bxd3 15.
Qxd3 Ng4 16. Bf4 Ne5 17. Qc2 Na6 18. Bxe5 Bxe5 19. Nc4 Nb4 20. Qd2 a5 21. Nb5
Qh4 22. Nxe5 Rxe5 23. Nxd6 Rd8 24. f4 Rh5 25. g3 Qh3 26. Nc4 Nc6 27. Qg2 Qxg2+
28. Kxg2 Nd4 29. Rad1 Rb8 30. d6 b5 31. axb5 Nxb5 32. g4 Rh6 33. Rd5 g5 34.
fxg5 Rg6 35. h4 h6 36. d7 Rd8 37. Rf6 Kg7 38. Rxg6+ Kxg6 39. Ne5+ Kg7 40. Nc6
1-0

[Event "Collado Villalba op-B 35th"]
[Site "Collado Villalba ESP"]
[Date "2018.08.27"]
[Round "4.16"]
[White "Rodriguez del Moral, Angel"]
[Black "Benito Alba, Eladio"]
[Result "1-0"]
[WhiteElo "1728"]
[BlackElo "1535"]
[PlyCount "81"]
[EventDate "2018.08.24"]
[EventType "swiss"]
[EventRounds "9"]
[EventCountry "ESP"]
[SourceTitle "Ajedrez en Madrid"]
[Source "lmi"]
[SourceDate "2018.08.24"]

1. d4 d5 2. Bf4 Nf6 3. e3 Bf5 4. Nf3 e6 5. Nbd2 a6 6. h3 Bd6 7. Ne5 Nc6 8. Ndf3
Bxe5 9. dxe5 Nd7 10. Bd3 Bxd3 11. Qxd3 h6 12. c4 dxc4 13. Qxc4 Nb6 14. Qc5 Qe7
15. Qxe7+ Kxe7 16. Rc1 Rhd8 17. Ke2 Rd7 18. Rhd1 Rad8 19. Rxd7+ Rxd7 20. a3 Nd5
21. Bg3 g5 22. Nd2 Nb6 23. Ne4 Rd5 24. Nc5 Nxe5 25. Nxb7 Nec4 26. Rc2 e5 27. b3
Nxa3 28. Rxc7+ Kf8 29. Nc5 Nb5 30. Rc6 Nc3+ 31. Kf3 e4+ 32. Kg4 f5+ 33. Kh5 f4
34. Kg6 fxg3 35. fxg3 Rxc5 36. Rxc5 Ncd5 37. Kxh6 Nxe3 38. Re5 Kf7 39. Kxg5
Nbd5 40. Rxe4 Nxg2 41. Ra4 1-0

[Event "Collado Villalba op-B 35th"]
[Site "Collado Villalba ESP"]
[Date "2018.08.27"]
[Round "4.17"]
[White "Gallego Romero, Manuel"]
[Black "Garcia Castineira, Ivan"]
[Result "0-1"]
[WhiteElo "1406"]
[BlackElo "1673"]
[PlyCount "89"]
[EventDate "2018.08.24"]
[EventType "swiss"]
[EventRounds "9"]
[EventCountry "ESP"]
[SourceTitle "Ajedrez en Madrid"]
[Source "lmi"]
[SourceDate "2018.08.24"]

1. e4 c5 2. Nf3 d6 3. Bc4 e6 4. d3 a6 5. a3 Nc6 6. O-O b5 7. Ba2 Bb7 8. Be3 Nf6
9. h3 d5 10. e5 Nd7 11. Bf4 f6 12. Re1 fxe5 13. Nxe5 Ncxe5 14. Bxe5 Nxe5 15.
Rxe5 Qf6 16. Qe1 Kf7 17. c3 Bd6 18. Re3 Qg6 19. Qf1 Rae8 20. Nd2 d4 21. cxd4
cxd4 22. Ree1 Rhf8 23. Ne4 Bxe4 24. Rxe4 Kg8 25. Rae1 Rf6 26. b4 Kh8 27. Rxd4
Bb8 28. Rde4 Ba7 29. R1e2 Ref8 30. d4 e5 31. Bb1 Qf7 32. Rh4 h6 33. f3 Bxd4+
34. Kh1 Qb3 35. Ra2 Rc8 36. Qd3 Rc1+ 37. Kh2 Qxb1 38. Qxb1 Rxb1 39. Re4 Rb2 40.
Re2 Rxa2 41. Rxa2 Rc6 42. Rd2 Rc3 43. f4 Rxa3 44. fxe5 Bxe5+ 45. g3 0-1

[Event "Collado Villalba op-B 35th"]
[Site "Collado Villalba ESP"]
[Date "2018.08.27"]
[Round "4.18"]
[White "Criado Riesgo, Manuel"]
[Black "Llanas Del Hoyo, Andres"]
[Result "1/2-1/2"]
[WhiteElo "1665"]
[BlackElo "1509"]
[PlyCount "55"]
[EventDate "2018.08.24"]
[EventType "swiss"]
[EventRounds "9"]
[EventCountry "ESP"]
[SourceTitle "Ajedrez en Madrid"]
[Source "lmi"]
[SourceDate "2018.08.24"]

1. d4 f5 2. c4 Nf6 3. Nc3 e6 4. Bg5 c6 5. e4 Be7 6. exf5 exf5 7. Bd3 d5 8. Nf3
O-O 9. O-O g6 10. Re1 Na6 11. Qb3 Nc7 12. Ne5 Ne6 13. Be3 Qb6 14. Qxb6 axb6 15.
cxd5 Nxd5 16. Nxd5 cxd5 17. f3 Ra4 18. Bc2 Rb4 19. Bb3 Nxd4 20. Bxd5+ Be6 21.
Bxd4 Bxd5 22. Bc3 Ra4 23. Nd7 Bc5+ 24. Nxc5 bxc5 25. Re7 Rf7 26. Re8+ Rf8 27.
Rae1 Rxa2 28. R8e7 1/2-1/2

[Event "Collado Villalba op-B 35th"]
[Site "Collado Villalba ESP"]
[Date "2018.08.27"]
[Round "4.19"]
[White "Lucia Carpintero, Oscar"]
[Black "Buergo Villanueva, Fernando"]
[Result "1-0"]
[WhiteElo "1659"]
[BlackElo "1272"]
[PlyCount "63"]
[EventDate "2018.08.24"]
[EventType "swiss"]
[EventRounds "9"]
[EventCountry "ESP"]
[SourceTitle "Ajedrez en Madrid"]
[Source "lmi"]
[SourceDate "2018.08.24"]

1. d4 Nf6 2. Bg5 e6 3. e4 Be7 4. e5 Ne4 5. Be3 b6 6. f3 Bh4+ 7. g3 Nxg3 8. hxg3
Bxg3+ 9. Kd2 Bh4 10. Bd3 Bb7 11. Be4 Bxe4 12. fxe4 Bg5 13. Qf3 c5 14. d5 Bxe3+
15. Qxe3 c4 16. Nc3 Na6 17. Rd1 Nc5 18. Kc1 h6 19. Nf3 Qc7 20. Nb5 Qd8 21. Nd6+
Kf8 22. Ng5 Qe7 23. Ngxf7 Rg8 24. Rdf1 g5 25. Nxh6+ Kg7 26. Nhf5+ exf5 27.
Nxf5+ Kf8 28. Nxe7+ Kxe7 29. Rh7+ Kd8 30. e6 dxe6 31. Qg3 Nxe4 32. Qc7+ 1-0

[Event "Collado Villalba op-B 35th"]
[Site "Collado Villalba ESP"]
[Date "2018.08.27"]
[Round "4.20"]
[White "Teran Gonzalez, Adrian"]
[Black "Fernandez Martinez, Luis"]
[Result "1-0"]
[WhiteElo "1327"]
[BlackElo "1566"]
[PlyCount "68"]
[EventDate "2018.08.24"]
[EventType "swiss"]
[EventRounds "9"]
[EventCountry "ESP"]
[SourceTitle "Ajedrez en Madrid"]
[Source "lmi"]
[SourceDate "2018.08.24"]

1. d4 e6 2. c4 f5 3. Nc3 Nf6 4. Bg5 Be7 5. Bxf6 Bxf6 6. e4 d6 7. Be2 O-O 8.
exf5 exf5 9. Nf3 Nc6 10. d5 Ne5 11. Nd4 a6 12. O-O Bd7 13. f4 Ng4 14. Bxg4 fxg4
15. Ne6 Bxe6 16. dxe6 h5 17. Qd5 c6 18. Qxh5 Qb6+ 19. Kh1 Qxb2 20. Ne4 Qd4 21.
Nxf6+ Qxf6 22. Qxg4 Rae8 23. Rae1 Re7 24. h3 Qf5 25. Qxf5 Rxf5 26. g4 Rc5 27.
Re4 d5 28. cxd5 cxd5 29. Re5 b6 30. Rd1 g6 31. f5 gxf5 32. gxf5 Kg7 33. Rdxd5
Rxd5 34. Rxd5 Rc7 1-0

[Event "Collado Villalba op-B 35th"]
[Site "Collado Villalba ESP"]
[Date "2018.08.27"]
[Round "4.21"]
[White "Ariza del Castillo, Pablo"]
[Black "Caravantes Camacho, Fernando"]
[Result "0-1"]
[WhiteElo "1170"]
[BlackElo "1561"]
[PlyCount "184"]
[EventDate "2018.08.24"]
[EventType "swiss"]
[EventRounds "9"]
[EventCountry "ESP"]
[SourceTitle "Ajedrez en Madrid"]
[Source "lmi"]
[SourceDate "2018.08.24"]

1. d4 Nf6 2. c4 g6 3. Nf3 Bg7 4. Nc3 O-O 5. g3 d6 6. d5 Nbd7 7. Bg2 e5 8. e4
Nc5 9. Qc2 a5 10. a4 h6 11. Be3 b6 12. Bxc5 bxc5 13. O-O Nd7 14. b3 Nb6 15.
Rfe1 f5 16. Nh4 Qf6 17. Ra2 f4 18. f3 g5 19. Nf5 fxg3 20. Nxg3 Qg6 21. Nd1 h5
22. Ne3 h4 23. Ngf5 Bxf5 24. Nxf5 Bf6 25. Bh3 Rf7 26. Kh1 Qh5 27. Bg4 Qh7 28.
h3 Nd7 29. Ne3 Nf8 30. Rg1 Bd8 31. Qc1 Rf4 32. Qe1 Ng6 33. Nf5 Bf6 34. Rag2 Kh8
35. Rf2 Ne7 36. Ne3 Qh6 37. Ng2 Ng6 38. Bf5 Rxf5 39. exf5 Ne7 40. Qe4 Qh7 41.
Ne3 Ng8 42. Ra1 Be7 43. Rg1 Nf6 44. Qc2 Nh5 45. Nf1 Nf4 46. Kh2 Rf8 47. Ne3 Bf6
48. Qd2 Ra8 49. Qc2 Rf8 50. Ng2 Nh5 51. Ne3 Nf4 52. Ng4 Qg7 53. Nxf6 Qxf6 54.
Rg4 Kh7 55. Rf1 Qxf5 56. Qxf5+ Rxf5 57. Rfg1 Kh6 58. Rd1 Ne2 59. Rd3 Nd4 60.
Kg2 Rf8 61. Re4 Rb8 62. Re1 Kg6 63. Rb1 Kf5 64. Rb2 Kf4 65. Kf2 Nf5 66. Rbd2
Nd4 67. Kg2 Nf5 68. Re2 Nd4 69. Re4+ Kf5 70. Re1 Rxb3 71. Rxb3 Nxb3 72. Rb1 Nd2
73. Rc1 Kf4 74. Rc3 e4 75. fxe4 Nxe4 76. Rc2 Ke3 77. Rb2 Kd3 78. Rb5 Kxc4 79.
Rxa5 Kb4 80. Ra8 c4 81. Rc8 Kxa4 82. Rxc7 Nc5 83. Rxc5 dxc5 84. d6 c3 85. d7 c2
86. d8=Q c1=Q 87. Qa8+ Kb3 88. Qb7+ Ka2 89. Qa6+ Kb1 90. Kf3 c4 91. Qb5+ Ka2
92. Qa4+ Qa3+ 0-1

[Event "Collado Villalba op-B 35th"]
[Site "Collado Villalba ESP"]
[Date "2018.08.27"]
[Round "4.22"]
[White "Penas Merino, Ramona"]
[Black "Melcon Diez, Enrique"]
[Result "0-1"]
[WhiteElo "1440"]
[BlackElo "1660"]
[PlyCount "62"]
[EventDate "2018.08.24"]
[EventType "swiss"]
[EventRounds "9"]
[EventCountry "ESP"]
[SourceTitle "Ajedrez en Madrid"]
[Source "lmi"]
[SourceDate "2018.08.24"]

1. d4 Nf6 2. Nf3 g6 3. e3 Bg7 4. Be2 O-O 5. O-O d5 6. b3 c5 7. Bb2 cxd4 8. Bxd4
Nc6 9. Bb2 Bf5 10. Nbd2 Rc8 11. Rc1 Nb4 12. c3 Nxa2 13. Ra1 Nxc3 14. Bxc3 Rxc3
15. Rxa7 Qb6 16. Ra3 Ne4 17. Nxe4 Bxe4 18. Nd4 Rfc8 19. Bg4 e6 20. Bf3 Bd3 21.
Be2 Bxe2 22. Nxe2 Rc2 23. Nd4 R2c3 24. Ne2 R3c5 25. Nd4 Qd6 26. Ra1 e5 27. Ne2
d4 28. exd4 exd4 29. Rb1 d3 30. b4 Rb5 31. Ng3 Rc4 0-1

[Event "Collado Villalba op-B 35th"]
[Site "Collado Villalba ESP"]
[Date "2018.08.27"]
[Round "4.23"]
[White "Pena Hernandez, Francisco"]
[Black "Rapaport, Andres Natalio"]
[Result "1-0"]
[WhiteElo "1622"]
[BlackElo "1277"]
[PlyCount "67"]
[EventDate "2018.08.24"]
[EventType "swiss"]
[EventRounds "9"]
[EventCountry "ESP"]
[SourceTitle "Ajedrez en Madrid"]
[Source "lmi"]
[SourceDate "2018.08.24"]

1. c4 e5 2. Nc3 Nf6 3. Nf3 Nc6 4. g3 Bc5 5. e3 d6 6. Na4 Bb4 7. a3 Ba5 8. b4
Bb6 9. Nxb6 axb6 10. Bg2 Bg4 11. Qb3 h6 12. O-O O-O 13. Bb2 Qd7 14. Rfe1 Bh3
15. Bh1 Ng4 16. d4 e4 17. Nd2 f5 18. f3 exf3 19. Nxf3 Qf7 20. Qc3 Nf6 21. d5
Ne7 22. Nd2 g5 23. e4 f4 24. Re2 Qh5 25. Rf2 fxg3 26. hxg3 Qg6 27. Rxf6 Rxf6
28. Qxf6 Qxf6 29. Bxf6 Ng6 30. Bg2 g4 31. Bxh3 gxh3 32. Kh2 Rf8 33. Rf1 Ne5 34.
Bxe5 1-0

[Event "Collado Villalba op-B 35th"]
[Site "Collado Villalba ESP"]
[Date "2018.08.27"]
[Round "4.24"]
[White "Fernandez Garcia, Emiliano"]
[Black "Rojas Fernandez, Antonio"]
[Result "0-1"]
[WhiteElo "1545"]
[BlackElo "1141"]
[PlyCount "44"]
[EventDate "2018.08.24"]
[EventType "swiss"]
[EventRounds "9"]
[EventCountry "ESP"]
[SourceTitle "Ajedrez en Madrid"]
[Source "lmi"]
[SourceDate "2018.08.24"]

1. d4 d5 2. Nc3 Nf6 3. Bg5 e6 4. e4 Be7 5. Bxf6 Bxf6 6. e5 Be7 7. Qg4 O-O 8.
Bd3 Nd7 9. O-O-O c5 10. Nf3 cxd4 11. Qxd4 Bc5 12. Qg4 Bxf2 13. Bxh7+ Kxh7 14.
Qh5+ Kg8 15. Ng5 Be3+ 16. Kb1 Qxg5 17. Qxg5 Bxg5 18. h4 Bh6 19. g4 Bf4 20. h5
Nxe5 21. Rhg1 Nf3 22. Rgf1 Nd2+ 0-1

[Event "Collado Villalba op-B 35th"]
[Site "Collado Villalba ESP"]
[Date "2018.08.27"]
[Round "4.26"]
[White "Martin Rodriguez, Jose Luis"]
[Black "Palacios Sanchez, Victor"]
[Result "0-1"]
[WhiteElo "1266"]
[BlackElo "1449"]
[PlyCount "56"]
[EventDate "2018.08.24"]
[EventType "swiss"]
[EventRounds "9"]
[EventCountry "ESP"]
[SourceTitle "Ajedrez en Madrid"]
[Source "lmi"]
[SourceDate "2018.08.24"]

1. c4 e5 2. Nc3 Nf6 3. g3 d5 4. cxd5 Nxd5 5. Bg2 c6 6. Qb3 Nb6 7. d3 Be6 8. Qc2
Be7 9. e4 O-O 10. Nge2 N8d7 11. f4 Nc5 12. O-O Qxd3 13. Qxd3 Nxd3 14. Rd1 Bc5+
15. Kf1 Nf2 16. fxe5 Nxd1 17. Nxd1 f6 18. Ke1 fxe5 19. Be3 Bb4+ 20. Bd2 Bxd2+
21. Kxd2 Rad8+ 22. Kc2 Bc4 23. Nec3 Bd3+ 24. Kb3 Nc4 25. Kb4 Rd4 26. Kc5 Na5
27. Nd5 Rd8 28. Ne7+ Kh8 0-1

[Event "Collado Villalba op-B 35th"]
[Site "Collado Villalba ESP"]
[Date "2018.08.27"]
[Round "4.28"]
[White "Criado Herrero, Luis"]
[Black "Andrade Sandoval, Marian"]
[Result "0-1"]
[WhiteElo "1488"]
[BlackElo "1234"]
[PlyCount "68"]
[EventDate "2018.08.24"]
[EventType "swiss"]
[EventRounds "9"]
[EventCountry "ESP"]
[SourceTitle "Ajedrez en Madrid"]
[Source "lmi"]
[SourceDate "2018.08.24"]

1. e4 c5 2. Nf3 e6 3. d4 cxd4 4. Nxd4 a6 5. Bd3 d6 6. Nc3 Nf6 7. Bg5 Nbd7 8.
Qd2 Be7 9. Qe2 Qc7 10. Nf3 h6 11. Bh4 b5 12. Rc1 Bb7 13. Bg3 b4 14. Nb1 Nc5 15.
Nbd2 e5 16. O-O Qc6 17. Rfe1 Nh5 18. Bxe5 dxe5 19. Nxe5 Nf4 20. Qf3 Qf6 21. Ng4
Qd6 22. Nc4 Qc7 23. Nce5 O-O 24. Bc4 Bg5 25. Rcd1 h5 26. Nxf7 Rxf7 27. Bxf7+
Qxf7 28. Ne5 Qe6 29. Nd3 Ncxd3 30. cxd3 Rf8 31. Qg3 Bh6 32. f3 Qxa2 33. Qf2 Qb3
34. d4 Nd3 0-1

[Event "Collado Villalba op-B 35th"]
[Site "Collado Villalba ESP"]
[Date "2018.08.27"]
[Round "4.31"]
[White "Orta Vazquez, Mario"]
[Black "Ruiz Grau, David"]
[Result "0-1"]
[WhiteElo "1429"]
[BlackElo "1277"]
[PlyCount "60"]
[EventDate "2018.08.24"]
[EventType "swiss"]
[EventRounds "9"]
[EventCountry "ESP"]
[SourceTitle "Ajedrez en Madrid"]
[Source "lmi"]
[SourceDate "2018.08.24"]

1. Nf3 Nf6 2. c4 c6 3. Nc3 d5 4. cxd5 cxd5 5. d4 Nc6 6. a3 e6 7. Bf4 Be7 8. Nb5
Qa5+ 9. Nc3 O-O 10. b4 Qd8 11. e3 a6 12. b5 Na5 13. Bd3 Nc4 14. a4 Qa5 15. Qc2
Bb4 16. Rc1 axb5 17. axb5 Bxc3+ 18. Qxc3 Qxc3+ 19. Rxc3 Ra1+ 20. Ke2 Rxh1 21.
Bxc4 dxc4 22. Rxc4 Nd5 23. Bd6 Re8 24. e4 Nb6 25. Rc7 Rb1 26. Ne5 f5 27. Nf7
Rxb5 28. Bc5 Na8 29. Rxc8 Rb2+ 30. Kf3 Rxc8 0-1

[Event "Collado Villalba op-B 35th"]
[Site "Collado Villalba ESP"]
[Date "2018.08.28"]
[Round "5.1"]
[White "Ballina Amandi, Casimiro"]
[Black "Gonzalez Pinar, Adrian"]
[Result "1/2-1/2"]
[WhiteElo "1781"]
[BlackElo "1593"]
[PlyCount "52"]
[EventDate "2018.08.24"]
[EventType "swiss"]
[EventRounds "9"]
[EventCountry "ESP"]
[SourceTitle "Ajedrez en Madrid"]
[Source "lmi"]
[SourceDate "2018.08.24"]

1. e4 e6 2. d3 d5 3. Nd2 c5 4. Ngf3 Nc6 5. g3 g6 6. Bg2 Bg7 7. O-O Nge7 8. c3
O-O 9. Qe2 b6 10. Nb3 Re8 11. Rd1 Ba6 12. Qc2 Rc8 13. d4 cxd4 14. Nbxd4 Nxd4
15. Nxd4 e5 16. Qa4 exd4 17. Qxa6 dxc3 18. bxc3 Bxc3 19. Rb1 d4 20. Qxa7 Ra8
21. Qxb6 Qxb6 22. Rxb6 Rxa2 23. Bg5 Nc8 24. Rb8 Nd6 25. Rxe8+ Nxe8 26. Bf4 Ra1
1/2-1/2

[Event "Collado Villalba op-B 35th"]
[Site "Collado Villalba ESP"]
[Date "2018.08.28"]
[Round "5.2"]
[White "Munoz Morato, Miguel"]
[Black "Gamboa Ondono, Jesus"]
[Result "0-1"]
[WhiteElo "1708"]
[BlackElo "1749"]
[PlyCount "46"]
[EventDate "2018.08.24"]
[EventType "swiss"]
[EventRounds "9"]
[EventCountry "ESP"]
[SourceTitle "Ajedrez en Madrid"]
[Source "lmi"]
[SourceDate "2018.08.24"]

1. c4 e5 2. Nc3 f5 3. d4 e4 4. e3 Nf6 5. Bd2 Bb4 6. Nxe4 Bxd2+ 7. Nxd2 O-O 8.
Nh3 b6 9. Bd3 d5 10. O-O c6 11. Nf4 Qd6 12. Rc1 g5 13. Nh5 Ng4 14. Nf3 Qh6 15.
h3 Qxh5 16. hxg4 fxg4 17. Ne5 Rf6 18. Nxg4 Bxg4 19. f3 Be6 20. cxd5 cxd5 21.
Rc7 Rh6 22. Qa4 Qh2+ 23. Kf2 Qxc7 0-1

[Event "Collado Villalba op-B 35th"]
[Site "Collado Villalba ESP"]
[Date "2018.08.28"]
[Round "5.3"]
[White "Mataix Fernandez, Ricardo"]
[Black "Garcia Serrano, Jose Manuel"]
[Result "0-1"]
[WhiteElo "1724"]
[BlackElo "1908"]
[PlyCount "134"]
[EventDate "2018.08.24"]
[EventType "swiss"]
[EventRounds "9"]
[EventCountry "ESP"]
[SourceTitle "Ajedrez en Madrid"]
[Source "lmi"]
[SourceDate "2018.08.24"]

1. d4 d5 2. Bf4 Nc6 3. e3 Bf5 4. c3 Nf6 5. h3 a6 6. Nd2 e6 7. Ngf3 Bd6 8. Ne5
Bxe5 9. dxe5 Nd7 10. Nf3 Be4 11. Bd3 Bxf3 12. Qxf3 Ndxe5 13. Qe2 Nxd3+ 14. Qxd3
O-O 15. h4 e5 16. Bg3 Qd7 17. O-O-O Rad8 18. h5 h6 19. f3 Qe6 20. Kb1 b5 21.
Bh4 f6 22. g4 b4 23. Be1 bxc3 24. Bxc3 d4 25. exd4 exd4 26. Rhe1 Qf7 27. Bd2
Ne5 28. Qa3 Nc4 29. Qe7 Rfe8 30. Qxf7+ Kxf7 31. Bf4 Ne5 32. Rc1 Rd7 33. Bxe5
Rxe5 34. Rxe5 fxe5 35. Rc6 Rd6 36. Rxc7+ Kf6 37. Kc2 g6 38. Rh7 Kg5 39. Re7 Kf4
40. hxg6 Rxg6 41. Rf7+ Ke3 42. Rf5 Rc6+ 43. Kd1 Rc5 44. f4 Ke4 45. Kd2 Rb5 46.
Rxe5+ Rxe5 47. fxe5 Kxe5 48. b4 Kf4 49. a4 Ke4 50. b5 axb5 51. a5 Kd5 52. a6
Kc6 53. a7 Kb7 54. a8=Q+ Kxa8 55. Kd3 Kb7 56. Kxd4 Kb6 57. Kc3 Kc5 58. Kb3 Kd4
59. Kb4 Ke4 60. Kxb5 Kf4 61. Kc4 Kxg4 62. Kd3 Kf3 63. Kd2 Kf2 64. Kd3 h5 65.
Ke4 Kg3 66. Ke3 h4 67. Ke2 Kg2 0-1

[Event "Collado Villalba op-B 35th"]
[Site "Collado Villalba ESP"]
[Date "2018.08.28"]
[Round "5.4"]
[White "Suarez Paz, Alfonso"]
[Black "Fernandez Rios, Jose Francisco"]
[Result "1/2-1/2"]
[WhiteElo "1842"]
[BlackElo "1729"]
[PlyCount "40"]
[EventDate "2018.08.24"]
[EventType "swiss"]
[EventRounds "9"]
[EventCountry "ESP"]
[SourceTitle "Ajedrez en Madrid"]
[Source "lmi"]
[SourceDate "2018.08.24"]

1. e4 c5 2. c4 g6 3. Nc3 Bg7 4. d3 Nc6 5. Nf3 Nf6 6. Be2 d6 7. O-O O-O 8. Rb1
Bd7 9. a3 Ne8 10. Bg5 Nc7 11. Qd2 Ne6 12. Be3 Ncd4 13. b4 b6 14. Bxd4 Nxd4 15.
Nxd4 Bxd4 16. Bf3 Bc6 17. Ne2 Bg7 18. Qg5 Bf6 19. Qh6 Bg7 20. Qg5 Bf6 1/2-1/2